00305nam a2200121 a 4500008004100000020001500041050001600056100001400072245003200086260003500118300002100153350000900174120416s0000 ||||||||||||||||| || u a0901223271 aTK 7876 Lan aLane, J.A10aMicrowave power measurement aLondonbPeter Peregrinusc1972 aviii, 72p. : ill a0.00